000 00313nam a2200133 i 4500
001 bg
100 1 _aSALAMON, A.
245 0 _aUprzemysłowienie budownictwa wiejskiego /
_cA. Salamon.
260 _aWarszawa,
_c1967.
040 _cBPK
041 _apol
942 _cKS
008 s pl f |000 0 pol
999 _c7063
_d7063
856 _uhttp://koha.tu.koszalin.pl/cgi-bin/koha/opac-detail.pl?biblionumber=7063
_yKatalog online BPK